Guide to Undergraduate Programmes (Record no. 195002)
[ view plain ]
| 000 -LEADER | |
|---|---|
| fixed length control field | 01027 a2200157 4500 |
| 003 - CONTROL NUMBER IDENTIFIER | |
| control field | Nust |
| 005 - DATE AND TIME OF LATEST TRANSACTION | |
| control field | 20170207154214.0 |
| 040 ## - CATALOGING SOURCE | |
| Transcribing agency | Nust |
| 082 ## - DEWEY DECIMAL CLASSIFICATION NUMBER | |
| Classification number | 378.4 |
| 245 ## - TITLE STATEMENT | |
| Title | Guide to Undergraduate Programmes |
| Remainder of title | Uni of East London |
| 260 ## - PUBLICATION, DISTRIBUTION, ETC. | |
| Place of publication, distribution, etc. | London |
| Name of publisher, distributor, etc. | UEL |
| Date of publication, distribution, etc. | 2001 |
| 300 ## - PHYSICAL DESCRIPTION | |
| Extent | 159 p. |
| 505 ## - FORMATTED CONTENTS NOTE | |
| Formatted contents note | Why Choose UEl (Page-3) London – a great Place to Study Our Campuses (Page-6) In and Around Barking Campus (Page-8) Map of the Local Area (Page-20) Choosing your Programmer (Page-22) How Will you Learn (Page-24) Entry Requirements (Page-27) If you from School or College (Page-28) If you are a Mature Student (Page-29) Accounting Finance & Economics (Page-40) Architecture (Page-44) Art & Design (Page-46) Computing (Page-62) Engineering (Page-68) Geography & Land Management (Page-76) Humanities (Page-88) Information Technology Studies (Page-102) Life Sciences (Page-110) Extended Degrees (Page-147) Single Honors Degrees (Page-148) Postgraduate Programmes (Page-150) |
| 538 ## - SYSTEM DETAILS NOTE | |
| System details note | Almirah No.117 Shelf No.2 |
| 650 ## - SUBJECT ADDED ENTRY--TOPICAL TERM | |
| Topical term or geographic name entry element | UG Prospectus |
| 942 ## - ADDED ENTRY ELEMENTS (KOHA) | |
| Source of classification or shelving scheme | |
| Koha item type | Book |
| Withdrawn status | Lost status | Source of classification or shelving scheme | Damaged status | Not for loan | Collection code | Permanent Location | Current Location | Date acquired | Total Checkouts | Full call number | Barcode | Date last seen | Price effective from | Koha item type |
|---|---|---|---|---|---|---|---|---|---|---|---|---|---|---|
| Military College of Signals (MCS) | Military College of Signals (MCS) | 12/12/2016 | 378.4 GUI | MCSPS-59 | 12/08/2016 | 12/12/2016 | Book |
